Fake Plastic Trees by Radiohead Lyrics Quiz - Statistics

General Stats
  • This quiz has been taken 258 times
  • The average score is 19 of 24
Answer Stats
Answer % Correct
It wears {her} out
93%
And it wears {me} out
90%
It wears {me} out
90%
She lives with a {broken} man
89%
It wears {him} out
88%
She {looks} like the real thing
86%
Her {green} plastic watering can
85%
To get {rid} of itself
85%
All the {time}
84%
For her fake Chinese rubber {plant}
82%
She {tastes} like the real thing
82%
That she {bought} from a rubber man
81%
He used to do {surgery}
80%
If I could be who you {wanted}
80%
But I can't help the {feeling}
76%
My fake plastic {love}
76%
In a {town} full of rubber plans
75%
Who just {crumbles} and burns
73%
But {gravity} always wins
72%
For girls in the {eighties}
69%
I could blow through the {ceiling}
68%
A cracked {polystyrene} man
64%
If I just {turn} and run
61%
In the fake plastic {earth}
54%
No matching quizzes found
Score Distribution
Percent of People with Each Score
Percentile by Number Answered
Your Score History
You have not taken this quiz